000 00322nam a22001337a 4500
020 _qHB.
040 _cFIZZA ISHAQ
082 _a621.367
_bPAR
100 _aVERMA,POOMAN.
_991814
245 _aADVANCED DIGITAL IMAGE PROCESSING /
_cPOONAM VERMA.
260 _aCRC PRESS ;
_c2020.
300 _a247 P. ;
942 _2ddc
_cBK
999 _c589946
_d589946